Statistics for Island Cities

Click here to take the quiz!

General Stats

  • This quiz has been taken 92 times
    (66 since last reset)
  • The average score is 11 of 18

Answer Stats

CountryCity% Correct
NetherlandsAmsterdam
91%
NigeriaLagos
88%
USANew York
88%
MaldivesMalé
82%
UAEAbu Dhabi
81%
CanadaMontréal
77%
IndiaMumbai
77%
ChinaHong Kong
75%
ItalyVenice
61%
SwedenMalmö
58%
KenyaMombasa
58%
RussiaSt Petersburg
56%
BelgiumBruges
44%
Singapore
42%
ChinaXiamen
42%
UKPortsmouth
19%
FranceStrasbourg
14%
BrazilSantos
11%

Score Distribution

Percentile by Number Answered

Percent of People with Each Score

Your Score History

You have not taken this quiz since the last reset